|
|
|
|
| LEADER |
00919nam a2200229 i 4500 |
| 003 |
GR-PaULI |
| 005 |
20220224134247.0 |
| 008 |
220224t2009 enka|||f |||| 001 0 eng d |
| 952 |
|
|
|0 0
|1 0
|2 ddc
|4 0
|6 307_760000000000000_PAC
|7 0
|9 356872
|a ARCH
|b ARCH
|c BSC
|d 2022-02-24
|i 013946
|l 0
|o 307.76 PAC
|p 025000215627
|r 2022-02-24 00:00:00
|t 1
|w 2022-02-24
|y BK15
|
| 999 |
|
|
|c 208881
|d 208881
|
| 020 |
|
|
|a 9780415462020
|
| 040 |
|
|
|a GR-PaULI
|b gre
|c GR-PaULI
|e AACR2
|
| 082 |
0 |
4 |
|2 23
|a 307.76
|
| 100 |
1 |
|
|9 3879
|a Pacione, Michael
|e συγγραφέας.
|
| 245 |
1 |
0 |
|a Urban geography :
|b a global perspective /
|c Michael Pacione.
|
| 250 |
|
|
|a 3η έκδ.
|
| 260 |
|
|
|a London :
|b Routlledge,
|c 2009.
|
| 300 |
|
|
|a xxvi, 703 σ. :
|b εικ. ;
|c 25 εκ.
|
| 504 |
|
|
|a Περιλαμβάνει βιβλιογραφία και ευρετήριο.
|
| 650 |
|
4 |
|9 3878
|a Ανθρωπογεωγραφία
|
| 942 |
|
|
|2 ddc
|c BK15
|
| 998 |
|
|
|c ΒΑΣΙΛΕΙΟΥ
|d 2022-02
|